000
00274nam a22001091a 4500
999
_c
168756
_d
168756
082
_a
M8
_b
VAS/S
245
_a
Sahityapadhanathinu oru amugham/
_c
by Vasanthan S K (tr.).
260
_a
_b
_c
650
_a
Literature Malayalam
700
_a
Vasanthan S K (tr.)
942
_c
BK